000 00656nam a2200277Ia 4500
005 20260324115601.0
008 008 260324s9999 xx 000 0 eng d
020 _a9781315120263
037 _aEBOOK
040 _aCRL
040 _beng
040 _cCRL
041 _2eng
041 _aeng
084 _qCRL
100 _aCharlotte Lundgren; Carl Molander
_91155225
245 0 _aTeamwork in Medical Rehabilitation
260 _bTaylor and Francis
260 _c2017
365 _a
365 _b255
856 _uhttp://www.taylorfrancis.com/books/9781315120263
942 _cEBOOK
999 _c1746208
_d1746208